[Event "Mecklenburg VP Cup"]
[Site "Greifswald"]
[Date "2016.06.12"]
[Round "5.3"]
[White "Jasinski, Viktor"]
[Black "Tarasow, Alexey"]
[Result "0-1"]
[WhiteElo "1829"]
[BlackElo "1854"]
[PlyCount "92"]
[EventDate "2016.06.10"]
[EventType "swiss"]
[EventRounds "5"]
[EventCountry "GER"]
[SourceTitle "EXT 2024"]
[Source "ChessBase"]
[SourceDate "2023.10.10"]
[SourceVersion "1"]
[SourceVersionDate "2023.10.10"]
[SourceQuality "1"]

1. d4 d5 2. Nf3 Nf6 3. c4 e6 4. Nc3 Nbd7 5. e3 c6 6. Bd3 Bd6 7. 0-0 0-0 8. Re1 dxc4 9. Bxc4 e5 10. Qc2 Qe7 11. Bd3 Re8 12. e4 exd4 13. Nxd4 Qe5 14. Nf3 Qh5 15. Ne2 Nf8 16. Nf4 Qa5 17. Bd2 Qc7 18. Ne2 Bg4 19. Ng3 Bxf3 20. gxf3 Ng6 21. Be2 Nd7 22. Bf1 Ndf8 23. Rad1 Ne6 24. Qc1 Rad8 25. Bg5 Nxg5 26. Qxg5 Bf4 27. Qc5 b6 28. Qc2 c5 29. Rxd8 Rxd8 30. Rd1 Rxd1 31. Qxd1 Nf8 32. Qd5 g6 33. Bc4 Kg7 34. a4 Ne6 35. Be2 h5 36. Qc4 Be5 37. Qc1 Nf4 38. Bf1 h4 39. Ne2 Nd3 40. Qe3 Bxh2+ 41. Kh1 Nf4 42. Nxf4 Bxf4 43. Qc3+ Be5 44. Qd2 Qc6 45. b3 Qf6 46. Qd1 Qf4 0-1

[Event "Mecklenburg VP LL2 Ost 1516"]
[Site "Mecklenburg VP"]
[Date "2015.10.11"]
[Round "2.8"]
[White "Bardosch, Karl"]
[Black "Tarasow, Alexey"]
[Result "0-1"]
[WhiteElo "1712"]
[BlackElo "1741"]
[PlyCount "102"]
[EventDate "2015.09.20"]
[EventType "team-tourn"]
[EventRounds "9"]
[EventCountry "GER"]
[SourceTitle "EXT 2022"]
[Source "ChessBase"]
[SourceDate "2021.10.06"]
[SourceVersion "1"]
[SourceVersionDate "2021.10.06"]
[SourceQuality "1"]
[WhiteTeam "Rostock SSC 07 III"]
[BlackTeam "Wolgast Motor"]
[WhiteTeamCountry "GER"]
[BlackTeamCountry "GER"]

1. e4 c5 2. Nc3 Nc6 3. g3 e5 4. Bg2 d6 5. d3 g6 6. Nge2 Bg7 7. Nd5 h6 8. 0-0 Nge7 9. Nec3 Nxd5 10. Nxd5 Be6 11. c3 0-0 12. f4 exf4 13. gxf4 Bxd5 14. exd5 Ne7 15. Qg4 Qc8 16. Qxc8 Raxc8 17. Bd2 Rfe8 18. Rae1 Kf8 19. Re2 Ng8 20. Rfe1 Nf6 21. Bf3 Rxe2 22. Rxe2 Re8 23. Kf2 Rxe2+ 24. Kxe2 Ke7 25. Be3 Nd7 26. Kd2 f5 27. h4 Bf6 28. Bf2 g5 29. hxg5 hxg5 30. fxg5 Bxg5+ 31. Be3 Kf6 32. Bxg5+ Kxg5 33. Ke3 Ne5 34. Be2 Ng4+ 35. Kf3 Nf6 36. c4 f4 37. a3 Kf5 38. Bf1 Nh5 39. Bh3+ Ke5 40. Be6 Ng3 41. Bg4 Nf1 42. Ke2 Ne3 43. Bh5 Nf5 44. Bg4 Nd4+ 45. Kf2 Nb3 46. Ke2 Nd4+ 47. Kf2 Nc2 48. Bh5 a5 49. Bg6 Ne3 50. Ke2 Kd4 51. Be4 Nxc4 0-1

[Event "Rostock SSC op 14th"]
[Site "Rostock"]
[Date "2015.07.31"]
[Round "5.12"]
[White "Tarasow, Alexey"]
[Black "Kutschke, Peter"]
[Result "1/2-1/2"]
[WhiteElo "1716"]
[BlackElo "2058"]
[PlyCount "159"]
[EventDate "2015.07.29"]
[EventType "swiss"]
[EventRounds "7"]
[EventCountry "GER"]
[SourceTitle "EXT 2019"]
[Source "ChessBase"]
[SourceDate "2018.10.10"]
[SourceVersion "1"]
[SourceVersionDate "2018.10.10"]
[SourceQuality "1"]

1. e4 d5 2. exd5 Nf6 3. Bb5+ Bd7 4. Bc4 Bg4 5. f3 Bc8 6. Nc3 Nbd7 7. d4 Nb6 8. Bb5+ Bd7 9. Qd3 Nbxd5 10. Nge2 e6 11. a3 Nb6 12. Bd2 a6 13. Bc4 Nxc4 14. Qxc4 b5 15. Qd3 Be7 16. 0-0 0-0 17. Ne4 Bc6 18. N2c3 Nd5 19. Nxd5 Qxd5 20. Bf4 Rac8 21. Rad1 Rfd8 22. Rfe1 Qf5 23. Qe3 Bd5 24. c3 h6 25. Be5 Bb3 26. Rd2 Rd5 27. g4 Qg6 28. Rg2 c5 29. Nxc5 Bxc5 30. dxc5 Rdxc5 31. h4 Rd5 32. Bd4 e5 33. Bb6 Rc6 34. Ba5 Rcd6 35. Bb4 Rd7 36. h5 Qd3 37. Qxd3 Rxd3 38. Rxe5 Rxf3 39. g5 hxg5 40. Rexg5 f6 41. R5g3 Rxg3 42. Rxg3 Rd1+ 43. Kh2 Rd2+ 44. Rg2 Rxg2+ 45. Kxg2 Bd1 46. h6 gxh6 47. Kg3 Kf7 48. Kf4 Bc2 49. Bc5 f5 50. Bd4 h5 51. Bf2 Bd1 52. Bh4 Bg4 53. Bg5 Ke6 54. Bh4 Kd5 55. Ke3 Kc4 56. Kd2 Bf3 57. Bf6 Kd5 58. Bg5 Bg4 59. Bf6 Ke6 60. Bg5 Ke5 61. Ke3 Bd1 62. Bf4+ Kd5 63. Bg5 Kc4 64. Kd2 Bf3 65. Bh6 Bg2 66. Bg5 Be4 67. Bf4 h4 68. Bh2 h3 69. Bf4 Kb3 70. Kc1 Kc4 71. Bh2 Kd5 72. Kd2 Ke6 73. Ke3 Bb1 74. Kf4 Bd3 75. Bg3 Kd5 76. Ke3 Be4 77. Bf4 Kc4 78. Kd2 Bg2 79. Bh2 Kd5 80. Ke3 1/2-1/2

[Event "Rostock SSC op 14th"]
[Site "Rostock"]
[Date "2015.07.30"]
[Round "3.31"]
[White "Tarasow, Alexey"]
[Black "Breuel, Steffen"]
[Result "1-0"]
[WhiteElo "1716"]
[BlackElo "1438"]
[PlyCount "63"]
[EventDate "2015.07.29"]
[EventType "swiss"]
[EventRounds "7"]
[EventCountry "GER"]
[SourceTitle "EXT 2019"]
[Source "ChessBase"]
[SourceDate "2018.10.10"]
[SourceVersion "1"]
[SourceVersionDate "2018.10.10"]
[SourceQuality "1"]

1. e4 c5 2. Nf3 d6 3. d4 cxd4 4. Nxd4 Nf6 5. Nc3 e5 6. Bb5+ Nbd7 7. Nf5 Qc7 8. Bg5 a6 9. Bxf6 gxf6 10. Ba4 b5 11. Bb3 Nb6 12. Ne3 b4 13. Ncd5 Nxd5 14. Nxd5 Qd8 15. Ba4+ Bd7 16. Bxd7+ Kxd7 17. Qg4+ Ke8 18. 0-0 h5 19. Qf5 Be7 20. f4 Rh6 21. fxe5 dxe5 22. Kh1 Ra7 23. Rf3 a5 24. Rg3 Kf8 25. c4 Rd7 26. Rc1 Bc5 27. Rh3 Be7 28. Rxh5 Kg7 29. Qg4+ Rg6 30. Qh3 Rg5 31. Rh7+ Kf8 32. Rh8+ 1-0

[Event "Rostock SSC op 14th"]
[Site "Rostock"]
[Date "2015.07.29"]
[Round "1.6"]
[White "Tarasow, Alexey"]
[Black "Ackermann, Hans Werner"]
[Result "0-1"]
[WhiteElo "1716"]
[BlackElo "2297"]
[PlyCount "66"]
[EventDate "2015.07.29"]
[EventType "swiss"]
[EventRounds "7"]
[EventCountry "GER"]
[SourceTitle "EXT 2019"]
[Source "ChessBase"]
[SourceDate "2018.10.10"]
[SourceVersion "1"]
[SourceVersionDate "2018.10.10"]
[SourceQuality "1"]

1. e4 d6 2. d4 Nf6 3. Nc3 Nbd7 4. Be3 e5 5. Nge2 Be7 6. Ng3 g6 7. Be2 h5 8. h4 c6 9. Qd2 Qc7 10. 0-0-0 Nb6 11. dxe5 dxe5 12. Bg5 Be6 13. Qe1 Nbd7 14. f3 b5 15. Nf1 a5 16. Ne3 Bc5 17. g4 Bd4 18. Kb1 hxg4 19. h5 gxh5 20. Nf5 Rg8 21. Qh4 Bxf5 22. exf5 Bxc3 23. bxc3 Rxg5 24. Qxg5 0-0-0 25. fxg4 hxg4 26. Rh6 Nd5 27. Rxd5 cxd5 28. Bxb5 Nb8 29. Qf6 g3 30. Ba6+ Nxa6 31. Qxa6+ Qb7+ 32. Rb6 Qxa6 33. Rxa6 g2 0-1